Регионална библиотека "Любен Каравелов" - Русе

Коледа (Запис номер 450541)

MARC детайли
000 -Лидер
Контролно поле с фиксирана дължина 01439nam a2200361 a 4500
003 - Код на организацията, давaща контролен номер
Контролно поле BLK
005 - Дата и час на последна редакция
Контролно поле 20250709120334.0
008 - Елементи от данни с фиксирана дължина
fixed length control field 180411b bul|||||r ||||||| ||bul||
010 ## - Наследен системен номер
LC control number KNG00193426000
020 ## - Международен стандартен номер на книга ISBN
Международен стандартен номер на книга ISBN 9786192405038
040 ## - Източник на каталожния запис
Идентификатор на билиотеката - собственик на записа BLK
041 ## - Код за език
Код за езика на текст/звукозапис или на отделно заглавие Български
Код за езика КДБФ Български
072 #7 - Код за тематичната категория
Код организация bullib
Код за тематична категория Н85
Текст Детска художествена литература Н
080 ## - УДК
Текстов определител УДК Вярвания и обичаи, свързани с определено годишно време и празници
УДК код - определител по УДК 398.33
УДК - код + определител 398.33
100 ## - Редна дума - Автор
Автор Морне, Мари-Франсоаз
Авторска отговорност първи автор
R(LIN) 1299
139 ## - Редно поле
Редна дума Морне, Мари-Франсоаз
Авторски знак Мор - М 89
245 10 - Сведения за заглавието
Заглавие Коледа
Редно поле (дума) Мари-Франсоаз Морне; ил. Лимют; прев. Борис Христов.
257 ## - Страна на издаване
Страна на създаване/издаване България
260 ## - Област на издателските данни
Място на издаване, разпространение и проч. София
Име на издателя, разпространителя и проч. ПАН
Година на издаване 2021
300 ## - Физическа характеристика
Страници 20 с.
Илюстрации и др. с цв. ил.
Размери/Мащаб 23 см
380 ## - Жанр
Жанр Детска отраслова лит.
490 ## - СЕРИИ (Колекции)
9 (RLIN) 205918
Име на серия Енциклопедия за най-малките
653 #7 - Ключова дума – ненормативна
9 (RLIN) 200184
Ключова дума християнски празници
653 #7 - Ключова дума – ненормативна
9 (RLIN) 188841
Ключова дума Коледа
653 #0 - Ключова дума – ненормативна
9 (RLIN) 471119
Ключова дума детски книги
700 ## - Други автори (авторска отговорност)
Лично име Лимют
Автороска отговорност (Описва отношението между автора и произведението) ил.
9 (RLIN) 472258
Друга информация Лиза-Мари Фиг
700 ## - Други автори (авторска отговорност)
Лично име Христов, Борис
Автороска отговорност (Описва отношението между автора и произведението) прев. от фр.
9 (RLIN) 1177
852 ## - Местоположение
Фондова буква Детски отдел
Систематично-азбучна сигнатура 39/М 89 М
999 ## - СИСТЕМНИ КОНТРОЛНИ НОМЕРА
Koha biblionumber 450541
Koha biblioitemnumber 450541
942 ## - АРТИКУЛИ
Вид на библиотечния материал Книги
Скрит в OPAC Не
Koha issues (borrowed), all copies 25
Периодичен библиозапис Да
944 ## - СЪЗДАВАНЕ И РЕДАКЦИЯ на ЗАПИСА
Служител, извършил регистрацията/редакцията 30537
Статус, дата на статуса Грета Цуфелде
944 ## - СЪЗДАВАНЕ И РЕДАКЦИЯ на ЗАПИСА
Създаване/Редакция Редакция
Дата на регистрацията/редакция 2022-10-06
Служител, извършил регистрацията/редакцията Кети
999 ## - СИСТЕМНИ КОНТРОЛНИ НОМЕРА
Koha biblioitemnumber 450541
Наличности
Код за отписване Код за изгубен артикул Източник на класификационната схема Код за повреда Коз за рестрикции Код за отдаване Артикулен № Име на библиотеката - собственик Име на библиотеката, в която се намира в момента Статус (Текущо местоположение) Дата на вписване в системата Местоположение - отдел Цена в лева Систематично азбучна сигнатура Баркод Цена в евро Служебен тип на артикула
  Не е изгубен Universal Decimal Classification Не е повреден без рестрикции заемане за дома 878873 Регионална библиотека "Любен Каравелов" Русе Регионална библиотека "Любен Каравелов" Русе Детски отдел 2022-03-25 Детски отдел 4.13 39/М 89 М 120000870306 2.11 Книги
  Не е изгубен Universal Decimal Classification Не е повреден без рестрикции заемане за дома 878874 Регионална библиотека "Любен Каравелов" Русе Регионална библиотека "Любен Каравелов" Русе Детски отдел 2022-03-25 Детски отдел 4.13 39/М 89 М 120000870305 2.11 Книги
Vip Innovations Ltd, Rousse, Bulgaria 2025